000 00602nam a22002297a 4500
003 UA-OsUOA
001 92467
007 ta
008 20121218b un ||||| |||| 00| 0 ukr d
100 _aАнарбаев С.
090 _a821.512.133
_bА64
942 _cBK
040 _aUA-OsUOA
_brus
_cUA-OsUOA
_dUA-OsUOA
245 _aСайли
_bроман
300 _a246 с.
955 _a3
041 _arus
080 _a821.512.133
260 _aМ.
_bСоветский писатель
_c1986
650 7 _a82 Література. Літературознавство
_2UDC
999 _c378713
_d378713